Bivariate discrete distributions

Αποθηκεύτηκε σε:
Λεπτομέρειες βιβλιογραφικής εγγραφής
Κύριος συγγραφέας: Kocherlakota, Subrahmaniam 1935-
Άλλοι συγγραφείς: Kocherlakota, Kathleen
Μορφή: Βιβλίο
Γλώσσα:English
Δημοσίευση: New York : M. Dekker, c1992
Σειρά:Statistics, textbooks and monographs ; ; 132
Θέματα:
Ετικέτες: Προσθήκη ετικέτας
Δεν υπάρχουν, Καταχωρήστε ετικέτα πρώτοι!

MARC

LEADER 00000cam a2200000 i 4500
001 1/53568
008 941103s1992 eng d
020 |a 0824787021 
035 |l 10044742 
035 |a 1993  |c ΤΡΥΨΙΑΝΝΗΣ 
040 |a GR-MY-UA  |b gre  |e aacr 
041 0 |a eng 
082 0 |a 519.24  |2 (20) 
100 1 |a Kocherlakota, Subrahmaniam  |d 1935- 
245 1 0 |a Bivariate discrete distributions /  |c Subrahmaniam Kocherlakota, Kathleen Kocherlakota 
260 |a New York :   |b M. Dekker,   |c c1992 
300 |a xvi, 361 p.;  |b ill.;  |c 24 cm 
490 1 |a Statistics, textbooks and monographs  |v ; 132 
504 |a Includes bibliographical references (p. 307-350) and indexes 
650 0 0 |a Distribution (Probability theory) 
700 1 |a Kocherlakota, Kathleen. 
830 0 |a Statistics, textbooks and monographs ;  |v ; 132 
852 |a INST  |b SAMOS  |e 19941103  |h 519.24 KOC  |p 005300004302  |q 005300004302  |t BK  |y 0 
909 |a Σ  |b 033323